| Поле | Инд. | ПП | Название | Значение |
|---|---|---|---|---|
| Тип записи | a | |||
| Библиографический уровень | b | |||
| 001 | Контрольный номер | UNIDUBNAf09dc46e09c441328178f1190e6aed9c | ||
| 005 | Дата корректировки | 20250805182644.2 | ||
| 008 | Кодируемые данные | 20170331 | ||
| 040 | b | Код языка каталог. | rus | |
| e | Правила каталог. | PSBO | ||
| 041 | 0_ | a | Код языка текста | rus |
| 084 | a | Индекс другой классификации/Индекс ББК | 60.90; 88.5 | |
| 100 | 1_ | a | Автор | Сухов А. Н. |
| q | Полное имя | Сухов Анатолий Николаевич | ||
| 245 | 10 | a | Заглавие | Социальная психология социальной работы: теоретико-практический аспект |
| 504 | a | Библиография | Лит. в конце статьи | |
| 520 | 0_ | a | Аннотация | Раскрывается сущность и история развития социальной психологии социальной работы, понятие и классификация социально-психологических явлений и технологий, используемых для ее осуществления. Изложены трудности теоретического плана, различные виды экстремальных ситуаций. Рассматривается практика применения социально-психологических технологий работы с населением в экстремальных условиях. |
| 650 | 14 | a | Основная рубрика | психология |
| a | Основная рубрика | социальная психология | ||
| a | Основная рубрика | социальная работа | ||
| a | Основная рубрика | теория социальной работы | ||
| 653 | 0_ | a | Ключевые слова | государственная поддержка |
| a | Ключевые слова | история благотворительности | ||
| a | Ключевые слова | история социальной психологии | ||
| a | Ключевые слова | история социальной работы | ||
| a | Ключевые слова | качество жизни | ||
| a | Ключевые слова | коммуникативные компетенции | ||
| a | Ключевые слова | комплексный подход | ||
| a | Ключевые слова | подготовка социальных работников | ||
| a | Ключевые слова | профессиональная деформация | ||
| a | Ключевые слова | профессиональная подготовка | ||
| a | Ключевые слова | психосоциальная работа | ||
| a | Ключевые слова | Россия | ||
| a | Ключевые слова | социальная поддержка | ||
| a | Ключевые слова | социальная реальность | ||
| a | Ключевые слова | социально-психологические технологии | ||
| a | Ключевые слова | теоретико-методологические основы | ||
| a | Ключевые слова | управление социальной работой | ||
| a | Ключевые слова | частно-государственное партнерство | ||
| a | Ключевые слова | экстремальные ситуации | ||
| a | Ключевые слова | эмоциональное выгорание | ||
| 773 | 08 | t | Заглавие источника | Отечественный журнал социальной работы |
| d | Дата издания источника | 2023 | ||
| g | Прочая информация | № 4. - С. 40 - 49 | ||
| w | Контрольный № источника | UNIDUBNA8519d4f2c1714d859c3e1f0162350cf7 | ||
| 901 | t | Тип документа | b |